书目信息 |
| 题名: |
中学历史教学伦理研究
|
|
| 作者: | 刘道梁 著 | |
| 分册: | ||
| 出版信息: | 北京 中国言实出版社 2017.12 |
|
| 页数: | 256页 | |
| 开本: | 24cm | |
| 丛书名: | ||
| 单 册: | ||
| 中图分类: | G633.512 | |
| 科图分类: | ||
| 主题词: | 中学历史课--教学研究 | |
| 电子资源: | ||
| ISBN: | 978-7-5171-2621-8 | |
| 000 | 00989nam0 2200217 450 | |
| 001 | 4383 | |
| 005 | 20180613150416.72 | |
| 010 | @a978-7-5171-2621-8@dCNY40.00 | |
| 100 | @a20171218d2017 em y0chiy0110 ea | |
| 101 | 0 | @achi |
| 102 | @aCN@b110000 | |
| 105 | @ay z 000yy | |
| 200 | 1 | @a中学历史教学伦理研究@9zhong xue li shi jiao xue lun li yan jiu@f刘道梁著 |
| 210 | @a北京@c中国言实出版社@d2017.12 | |
| 215 | @a256页@d24cm | |
| 330 | @a本书提出了“求真、向善、明道、致公”理念下的历史教学伦理的基本原则及其基本内涵,指出现阶段我国中学历史教学应着重建设“德性、价值、责任、创造”四大伦理,并对历史学科核心素养进行了伦理的审视。对历史教学中历史叙述的伦理逻辑与道德原则作了初步的研究,对历史教师的课程能力和历史教学的未来走向也作了初步的探讨。本书从教学伦理的视角研究历史教学,是一本系统地研究历史教学伦理的开拓性著作。 | |
| 606 | 0 | @a中学历史课@x教学研究 |
| 690 | @aG633.512@v5 | |
| 701 | 0 | @a刘道梁@9liu dao liang@4著 |
| 801 | 0 | @aCN@b91CIP@c20171218 |
| 905 | @aMuseLib@dG633.512@e310 | |
| 中学历史教学伦理研究/刘道梁著.-北京:中国言实出版社,2017.12 |
| 256页;24cm |
| ISBN 978-7-5171-2621-8:CNY40.00 |
| 本书提出了“求真、向善、明道、致公”理念下的历史教学伦理的基本原则及其基本内涵,指出现阶段我国中学历史教学应着重建设“德性、价值、责任、创造”四大伦理,并对历史学科核心素养进行了伦理的审视。对历史教学中历史叙述的伦理逻辑与道德原则作了初步的研究,对历史教师的课程能力和历史教学的未来走向也作了初步的探讨。本书从教学伦理的视角研究历史教学,是一本系统地研究历史教学伦理的开拓性著作。 |
| ● |
| 相关链接 |
|
|
|
|
正题名:中学历史教学伦理研究
索取号:G633.512/310
 
预约/预借
| 序号 | 登录号 | 条形码 | 馆藏地/架位号 | 状态 | 备注 |
| 1 | 1117273 | 211172737 | 第一样本阅览室/ [索取号:G633.512/310] | 在馆 | |
| 2 | 1117274 | 211172746 | 教育系资料室/ [索取号:G633.512/310] | 在馆 | |
| 3 | 1117275 | 211172755 | 教育系资料室/ [索取号:G633.512/310] | 在馆 | |
| 4 | 1117276 | 211172764 | 教育系资料室/ [索取号:G633.512/310] | 在馆 | |
| 5 | 1117277 | 211172773 | 第四借阅区/ [索取号:G633.512/310] | 在馆 |